00265nam a2200109Ia 4500008004100000082001200041082000800053245006100061245001200122260001200134300000900146231017s9999 xx 000 0 und d a388.114 bCFI 0aCfit World Review of Road Pricing Phase 1 Lessons for UK 0cUK Dept bUK Dept c30cm